Guess the Just Dance 4 Song (with images) - Statistics

General Stats
  • This quiz has been taken 21 times
  • The average score is 31 of 63
Answer Stats
Picture Hint Answer % Correct
Carly Rae Jepsen Call Me Maybe
95%
PSY Gangnam Style
95%
Las Ketchup Aserejé (The Ketchup Song)
79%
Britney Spears (The Girly Team cover) Oops!... I Did It Again
79%
Nicky Minaj Super Bass
79%
Rick Astley Never Gonna Give You Up
74%
Europe The Final Countdown
74%
Rihanna ft. Jay-Z Umbrella
74%
Rihanna Disturbia
68%
Marina and the Diamonds Oh No!
68%
Jennifer Lopez ft. Pitbull On the Floor
68%
Justin Bieber ft. Nicki Minaj Beauty And A Beat
63%
Selena Gomez and the Scene Love You Like A Love Song
63%
Maroon 5 ft. Christina Aguilera Moves Like Jagger
63%
P!nk So What
63%
The Blues Brothers (Dancing Bros cover) Everybody Needs Somebody To Love
58%
The B-52's Rock Lobster
58%
Stefanie Heinzmann Diggin’ in the Dirt
53%
Jessie J Domino
53%
Elvis Presley Jailhouse Rock
53%
Ricky Martin Livin’ La Vida Loca
53%
Alexandra Stan Mr. Saxobeat
53%
Stevie Wonder Superstition
53%
Bruno Mars The Lazy Song
53%
Boys Town Gang Can’t Take My Eyes Off You
47%
Army of Lovers Crucified
47%
Flo Rida Good Feeling
47%
They Might Be Giants Istanbul (Not Constantinople)
47%
Bill Medley and Jennifer Warnes (I’ve Had) The Time Of My Life
47%
Katy Perry Part Of Me
47%
Marina and the Diamonds Primadonna
47%
The Rocky Horror Picture Show Cast (Halloween Thrills cover) Time Warp
47%
Emma Cercavo Amore
42%
Ke$ha Die Young
42%
Nelly Furtado Maneater
42%
Sergio Mendes ft. The Black Eyed Peas Mas Que Nada
42%
2 Unlimited Tribal Dance
42%
Yolanda Be Cool & DCUP (Hit The Electro Beat cover) We No Speak Americano
42%
One Direction What Makes You Beautiful
42%
Will Smith Wild Wild West
42%
Barry White You’re the First, the Last, My Everything
42%
Panjabi MC Beware of the Boys (Mundian To Bach Ke)
37%
Anja Crazy Little Thing
37%
P!nk Funhouse
37%
Blu Cantrell Hit ’Em Up Style (Oops!)
37%
A.K.A Hot For Me
37%
The Blackout Allstars I Like It
37%
Cher Lloyd ft. Becky G Oath
37%
One Direction One Thing
37%
Skrillex Rock n’ Roll (Will Take You to the Mountain)
37%
Sammy Some Catchin’ Up To Do
37%
Cobra Starship ft. Sabi You Make Me Feel...
37%
Christina Aguilera (The Girly Team cover) Ain’t No Other Man
32%
Anja Brand New Start
32%
DJ Fresh Gold Dust
32%
Carrie Underwood Good Girl
32%
Gossip Heavy Cross
32%
Selena Gomez and the Scene Hit The Lights
32%
Bunny Beatz ft. Liquid Make The Party (Don’t Stop)
32%
Kat DeLuna ft. Busta Rhymes Run The Show
32%
The Girly Team (aka Harlin James & Clav) So Glamorous
32%
Cher Lloyd ft. Astro Want U Back
32%
Ke$ha We R Who We R
32%
No matching quizzes found
Score Distribution
Percent of People with Each Score
Percentile by Number Answered
Your Score History
You have not taken this quiz